<?xml version="1.0" encoding="UTF-8"?>
<record
    xmlns:xsi="http://www.w3.org/2001/XMLSchema-instance"
    xsi:schemaLocation="http://www.loc.gov/MARC21/slim http://www.loc.gov/standards/marcxml/schema/MARC21slim.xsd"
    xmlns="http://www.loc.gov/MARC21/slim">

  <leader>00839nas0a22002051i 4500</leader>
  <controlfield tag="001">v19\rc\2058861</controlfield>
  <controlfield tag="005">20240723115057.0</controlfield>
  <datafield tag="035" ind1=" " ind2=" ">
    <subfield code="a">(NLR Aleph) 005135971</subfield>
  </datafield>
  <datafield tag="090" ind1=" " ind2=" ">
    <subfield code="a">4755404</subfield>
    <subfield code="c">4755404</subfield>
  </datafield>
  <datafield tag="100" ind1=" " ind2=" ">
    <subfield code="a">20081111b1909    |||y0rusy50      ca</subfield>
  </datafield>
  <datafield tag="101" ind1="0" ind2=" ">
    <subfield code="a">rus</subfield>
  </datafield>
  <datafield tag="102" ind1=" " ind2=" ">
    <subfield code="a">RU</subfield>
  </datafield>
  <datafield tag="105" ind1=" " ind2=" ">
    <subfield code="a">y   z   |||||</subfield>
  </datafield>
  <datafield tag="200" ind1="1" ind2=" ">
    <subfield code="a">&#x418;&#x437;&#x43E;&#x431;&#x440;&#x435;&#x442;&#x430;&#x442;&#x435;&#x43B;&#x44C;</subfield>
    <subfield code="e">&#x412;&#x435;&#x441;&#x442;&#x43D;&#x438;&#x43A; &#x43D;&#x43E;&#x432;&#x44B;&#x445; &#x438;&#x437;&#x43E;&#x431;&#x440;&#x435;&#x442;&#x435;&#x43D;&#x438;&#x439;, &#x443;&#x441;&#x43E;&#x432;&#x435;&#x440;&#x448;&#x435;&#x43D;&#x441;&#x442;&#x432;&#x43E;&#x432;&#x430;&#x43D;&#x438;&#x439; &#x438; &#x43E;&#x442;&#x43A;&#x440;&#x44B;&#x442;&#x438;&#x439;. &#x413;. 1</subfield>
  </datafield>
  <datafield tag="210" ind1=" " ind2=" ">
    <subfield code="a">&#x421;&#x430;&#x43D;&#x43A;&#x442;-&#x41F;&#x435;&#x442;&#x435;&#x440;&#x431;&#x443;&#x440;&#x433;</subfield>
    <subfield code="c">&#x410;.&#x410;. &#x425;&#x43E;&#x43D;&#x435;&#x432;</subfield>
    <subfield code="d">1909</subfield>
  </datafield>
  <datafield tag="801" ind1=" " ind2="0">
    <subfield code="a">RU</subfield>
    <subfield code="b">NLR</subfield>
    <subfield code="g">psbo</subfield>
  </datafield>
  <datafield tag="801" ind1=" " ind2="1">
    <subfield code="a">RU</subfield>
    <subfield code="b">ProSoft-M</subfield>
    <subfield code="2">rusmarc</subfield>
  </datafield>
  <datafield tag="830" ind1=" " ind2=" ">
    <subfield code="a">&#x41F;&#x435;&#x440;&#x435;&#x447;&#x435;&#x43D;&#x44C; &#x438;&#x43C;&#x435;&#x44E;&#x449;&#x438;&#x445;&#x441;&#x44F; &#x432; &#x431;&#x438;&#x431;&#x43B;&#x438;&#x43E;&#x442;&#x435;&#x43A;&#x435; &#x442;&#x43E;&#x43C;&#x43E;&#x432;, &#x43D;&#x43E;&#x43C;&#x435;&#x440;&#x43E;&#x432;, &#x433;&#x43E;&#x434;&#x43E;&#x432; &#x44D;&#x442;&#x43E;&#x433;&#x43E; &#x438;&#x437;&#x434;&#x430;&#x43D;&#x438;&#x44F; &#x441;&#x43C;&#x43E;&#x442;&#x440;&#x438; &#x432; &#x43A;&#x430;&#x442;&#x430;&#x43B;&#x43E;&#x433;&#x435; &#x43F;&#x435;&#x440;&#x438;&#x43E;&#x434;&#x438;&#x447;&#x435;&#x441;&#x43A;&#x438;&#x445; &#x438;&#x437;&#x434;&#x430;&#x43D;&#x438;&#x439;</subfield>
  </datafield>
  <datafield tag="852" ind1=" " ind2=" ">
    <subfield code="a">NLR</subfield>
    <subfield code="j">&#x421;&#x431;. 24</subfield>
  </datafield>
  <datafield tag="942" ind1=" " ind2=" ">
    <subfield code="c">SE</subfield>
  </datafield>
</record>
